书目信息 |
| 题名: |
心灵手巧学编绳
|
|
| 作者: | 秦杨 主编 | |
| 分册: | 基础结法 | |
| 出版信息: | 沈阳 辽宁科学技术出版社 2014 |
|
| 页数: | 71页 | |
| 开本: | 21cm | |
| 丛书名: | ||
| 单 册: | ||
| 中图分类: | TS935.5 | |
| 科图分类: | ||
| 主题词: | 绳结--手工艺品--制作 | |
| 电子资源: | ||
| ISBN: | 978-7-5381-8399-3 | |
| 000 | 00790nam0 2200241 450 | |
| 001 | 339286 | |
| 005 | 20150608095823.01 | |
| 010 | @a978-7-5381-8399-3@dCNY15.80 | |
| 100 | @a20140425d2014 em y0chiy50 ea | |
| 101 | 0 | @achi |
| 102 | @aCN@b210000 | |
| 105 | @aa z 000yy | |
| 106 | @ar | |
| 200 | 1 | @a心灵手巧学编绳@Axin ling shou qiao xue bian sheng@i基础结法@f秦杨主编 |
| 210 | @a沈阳@c辽宁科学技术出版社@d2014 | |
| 215 | @a71页@c图@d21cm | |
| 300 | @a攀辰图书 | |
| 330 | @a本书讲解了单向平结、双联结、蛇结、双线金刚结、四线金刚结、四股辫扁形、方形玉米结、藻井结等数二十种基础结的编织方法及用到的线材、工具、配件。 | |
| 606 | 0 | @a绳结@x手工艺品@x制作 |
| 690 | @aTS935.5@v5 | |
| 701 | 0 | @a秦杨@Aqin yang@c(女)@4主编 |
| 801 | 0 | @aCN@b卓展宏图@c20150525 |
| 905 | @dTS935.5@e46@f5 | |
| 心灵手巧学编绳.基础结法/秦杨主编.-沈阳:辽宁科学技术出版社,2014 |
| 71页:图;21cm |
| 攀辰图书 |
| ISBN 978-7-5381-8399-3:CNY15.80 |
| 本书讲解了单向平结、双联结、蛇结、双线金刚结、四线金刚结、四股辫扁形、方形玉米结、藻井结等数二十种基础结的编织方法及用到的线材、工具、配件。 |
| ● |
| 相关链接 |
|
|
|
|
正题名:心灵手巧学编绳
索取号:TS935.5/46
 
预约/预借
| 序号 | 登录号 | 条形码 | 馆藏地/架位号 | 状态 | 备注 |
| 1 | 864374 | 208643743 | 第二样本阅览室/ [索取号:TS935.5/46] | 在馆 | |
| 2 | 864375 | 208643752 | 第三借阅区/ [索取号:TS935.5/46] | 在馆 | |
| 3 | 864376 | 208643761 | 第三借阅区/ [索取号:TS935.5/46] | 在馆 | |
| 4 | 864377 | 208643770 | 第三借阅区/ [索取号:TS935.5/46] | 在馆 | |
| 5 | 864378 | 208643789 | 第三借阅区/ [索取号:TS935.5/46] | 在馆 |